La verdadera noche de Iguala : la historia que el gobierno quiso ocultar /

Salvato in:
Dettagli Bibliografici
Autore principale: Hernández, Anabel (autor)
Natura: Libro
Lingua:spagnolo
Pubblicazione: México : Grijalbo, c2016-2017
Soggetti:
Tags: Aggiungi Tag
Nessun Tag, puoi essere il primo ad aggiungerne!!

MARC

LEADER 00000nam^a2200000^a^4500
001 000394578
005 20250521000000.0
009 20260310121339.62
020 |a 978-607-314-926-6 
037 |a Acervo ITESO - Biblioteca 
041 |a ESP 
082 |a 320. 9720713  |b HER 
100 |a Hernández, Anabel  |e (autor) 
245 1 3 |a La verdadera noche de Iguala :  |b la historia que el gobierno quiso ocultar /  |c A. Hernández. 
264 4 |a México :  |b Grijalbo,  |c c2016-2017 
300 |a 372 p. 
336 |a texto  |b txt  |2 rdacontenido 
337 |a sin mediación  |b n  |2 rdamedio 
338 |a volumen  |b nc  |2 rdasoporte 
649 |a XX 
650 |a Desaparecidos Políticos -  |z México 
650 |a Desaparecidos -  |z México -  |x Tema Principal 
650 |a Represión -  |z México -  |x Historia -  |y 2012-2018 
650 |a Violencia Política -  |z México -  |x Historia -  |y 2012-2018 
650 |a Encubrimiento -  |z México -  |x Historia -  |y 2012-2018 
650 |a Corrupción -  |z México -  |x Historia -  |y 2012-2018 
650 |a Impunidad (Derecho) -  |z México -  |x Historia -  |y 2012-2018 
650 |a Ayotzinapa, Guerrero -  |x Condiciones Políticas 
650 |a Política -  |z Ayotzinapa, Guerrero -  |x Historia -  |y 2012-2018 -  |x Tema Principal 
650 |a Política -  |z Ayotzinapa, Guerrero -  |x Historia -  |y Siglo XXI 
650 |a Tixtla, Guerrero -  |x Condiciones Políticas 
650 |a Política -  |z Tixtla, Guerrero -  |x Historia -  |y 2012-2018 
650 |a Política -  |z Tixtla, Guerrero -  |x Historia -  |y Siglo XXI 
650 |a Iguala, Guerrero -  |x Condiciones Políticas 
650 |a Política -  |z Iguala, Guerrero -  |x Historia -  |y 2012-2018 -  |x Tema Principal 
650 |a Política -  |z Iguala, Guerrero -  |x Historia -  |y Siglo XXI 
650 |a Guerrero -  |x Condiciones Políticas 
650 |a Política -  |z Guerrero -  |x Historia -  |y 2012-2018 
650 |a Política -  |z Guerrero -  |x Historia -  |y Siglo XXI 
650 |a México -  |x Condiciones Políticas 
650 |a Derecho y Política -  |z México -  |x Historia -  |y 2012-2018 
650 |a Política -  |z México -  |x Historia -  |y 2012-2018 
650 |a Política -  |z México -  |x Historia -  |y 2012-2018 -  |x Tema Principal 
650 |a Política -  |z México -  |x Historia -  |y Siglo XXI 
910 |a Fondo General 
920 |a Impresos - Libros 
930 |a Colección General 
905 |a 101 
901 |a 0500289903  |b IT1  |c ACC  |i C153360  |u 20250521 
901 |a 0500290364  |b IT1  |c ACC  |i D96144  |u 20250521 
902 |a https://opac.biblio.iteso.mx/vufind/Record/000394578